| 000 | 00441nam a2200169Ia 4500 | ||
|---|---|---|---|
| 008 | 180207s9999 xx 000 0 und d | ||
| 020 | _a9780440408307 | ||
| 050 | _bB879 2003 | ||
| 100 | _aBrown, Margaret Wise | ||
| 245 | 4 | _aThe little island / | |
| 245 | _cMargaret Wise Brown and Leonard Weisgard. | ||
| 260 | _aNew York : | ||
| 260 | _bDragonfly Books, | ||
| 260 | _c2003 | ||
| 300 | _aunpaged : | ||
| 300 | _bcolor illustration ; | ||
| 999 |
_c355296 _d355296 |
||